Statistiche per 10 Paesi d'Europa più a Est

Clicka qui per fare il quiz!

Statistiche generali

  • Questo quiz è stato fatto 4.679 volte
  • Il punteggio medio è 8 su 10

Statistiche sulle risposte

LongitudinePaese% Corretto
69°02′ERussia
98%
40°15'EUcraina
94%
29°40'ERomania
92%
32°46'EBielorussia
91%
28°36'EBulgaria
86%
30°10'EMoldavia
86%
31°35'EFinlandia
81%
29°38'EGrecia
81%
28°15'ELettonia
77%
33°30'ENorvegia
52%

Distribuzione punteggi

Percentile per numero di risposta

Percentuale di utenti per punteggio

I tuoi punteggi nel tempo

Non hai fatto questo quiz